Detrás de la apariencia /

Bibliographic Details
Main Author: Torres Villagrá, Matilde de, 1957- (Author)
Format: Electronic eBook
Language:Spanish
Published: Bilbao : Desclée De Brouwer, 2013.
Series:Colección a los cuatro vientos ; 40.
Subjects:
Online Access:Digitalia Hispánica

MARC

LEADER 00000nam a2200000 i 4500
001 DIGDESCL0091
003 NyNyDIG
006 m o d
007 cr |||||||||||
008 231119s2013 sp o 000 0 spa d
035 |a (OCoLC)962450688 
040 |a DGITA  |b eng  |e rda  |e pn  |c DGITA 
020 |a 9788433036681  |q eBook 
020 |z 9788433023827 
050 1 4 |a HM1106 ebook 
100 1 |a Torres Villagrá, Matilde de,  |d 1957-  |e author. 
245 1 0 |a Detrás de la apariencia /  |c Matilde de Torres Villagrá. 
264 1 |a Bilbao :  |b Desclée De Brouwer,  |c 2013. 
300 |a 1 online resource. 
336 |a text  |b txt  |2 rdacontent 
337 |a computer file  |b c  |2 rdamedia 
338 |a online resource  |b cr  |2 rdacarrier 
347 |a text file  |2 rdaft 
347 |b EPUB 
490 1 |a Colección a los cuatro vientos ;  |v 40 
588 0 |a Online resource; title from ePub title page (Digitalia, viewed November 19, 2023) 
650 0 |a Interpersonal relations. 
650 0 |a Self-realization. 
650 0 |a Ethics. 
776 0 8 |i Print version:  |a Torres Villagrá, Matilde de, 1957-  |t Detrás de la apariencia.  |d Bilbao : Desclée De Brouwer, [2010]  |z 9788433023827 
791 2 |a Digitalia (Firm),  |e distributor. 
793 0 |g Digitalia eBook Collection:  |a Editorial Desclée De Brouwer 
830 0 |a Colección a los cuatro vientos ;  |v 40. 
856 4 0 |3 Digitalia Hispánica  |u https://www.digitaliapublishing.com/a/84155/ 
910 |a Premium collection: 2023